Factores que inciden en el abandono escolar en el Segundo Ciclo de la Educación Básica en la Escuela Salomé Ureña de Jamao al Norte del Distrito 06-01 de José Contrera en el Período 2011-2012 (Record no. 275)

MARC details
000 -LEADER
campo de control de longitud fija 02769nam a2200577Ia 4500
001 - NÚMERO DE CONTROL
campo de control 307
008 - DATOS DE LONGITUD FIJA--INFORMACIÓN GENERAL
campo de control de longitud fija 241029s9999 xx 000 0 und d
010 ## - NÚMERO DE CONTROL DE LA BIBLIOTECA DEL CONGRESO
Número de control de LC 275
041 ## - CÓDIGO DE IDIOMA
Código de lengua del texto/banda sonora o título independiente Español
082 ## - NÚMERO DE LA CLASIFICACIÓN DECIMAL DEWEY
Número de clasificación MGC12-017
245 #0 - MENCIÓN DEL TÍTULO
Título Factores que inciden en el abandono escolar en el Segundo Ciclo de la Educación Básica en la Escuela Salomé Ureña de Jamao al Norte del Distrito 06-01 de José Contrera en el Período 2011-2012
260 ## - PUBLICACIÓN, DISTRIBUCIÓN, ETC.
Lugar de publicación, distribución, etc. Santiago
300 ## - DESCRIPCIÓN FÍSICA
Extensión 127
520 ## - RESUMEN, ETC.
Sumario, etc. 5
520 ## - RESUMEN, ETC.
Sumario, etc. Este estudio se planteó como objetivo general  analizar los factores que inciden en el abandono escolar en el segundo ciclo de la educación básica  en la Escuela Salomé Ureña de Jamao al Norte del Distrito 06-01.El estudio fue descriptivo, documental y de campo. La población fue el  director de la Escuela Salomé Ureña, 11 docentes, que imparten docencia en el segundo ciclo y 33 estudiantes que durante el año escolar 2011-2012 desertaron del centro educativo y su padres. El estudio encontró que con respecto a los factores socio-económico que conllevan al abandono escolar en el segundo ciclo del nivel básico el 79% reside en zona rural y sólo el 40% de los estudiantes convive con padre y madre. El 58% de los padres tienen un ingreso mensual de menos de
-- ,000, y el empleo del 40.5% de los padres es chiripero.Se determinó que los efectos que trae consigo la deserción o abandono escolar son: exclusión social, delincuencia, violencia doméstica, marginalidad, emigración, aumento del mercado informal, embarazos precoces, trabajo infantil y baja productividad.
630 ## - PUNTO DE ACCESO ADICIONAL DE MATERIA--TÍTULO UNIFORME
Título uniforme Actitud de los Estudiantes
630 ## - PUNTO DE ACCESO ADICIONAL DE MATERIA--TÍTULO UNIFORME
Título uniforme Deserción Estudiantil
630 ## - PUNTO DE ACCESO ADICIONAL DE MATERIA--TÍTULO UNIFORME
Título uniforme Desintegración Familiar
630 ## - PUNTO DE ACCESO ADICIONAL DE MATERIA--TÍTULO UNIFORME
Título uniforme Educación en Valores
630 ## - PUNTO DE ACCESO ADICIONAL DE MATERIA--TÍTULO UNIFORME
Título uniforme Educación Pública
650 ## - PUNTO DE ACCESO ADICIONAL DE MATERIA--TÉRMINO DE MATERIA
Término de materia o nombre geográfico como elemento de entrada Abandono Escolar
690 ## - PUNTO DE ACCESO ADICIONAL DE MATERIA LOCAL--TÉRMINO DE MATERIA (OCLC, RLIN)
Término de materia o nombre geográfico como elemento inicial Elaborado
700 ## - ENTRADA AGREGADA--NOMBRE PERSONAL
Término indicativo de función/relación asesor
Nombre de persona Mencía, Pedro
700 ## - ENTRADA AGREGADA--NOMBRE PERSONAL
Término indicativo de función/relación autor
Nombre de persona Ureña de la Cruz , Antonia
700 ## - ENTRADA AGREGADA--NOMBRE PERSONAL
Término indicativo de función/relación autor
Nombre de persona López Espinal, Rafaela Damaris
901 ## - ELEMENTOS DE DATOS A LOCAL LDA (RLIN)
a {"1":"Ureña de la Cruz ","2":"López Espinal"}
b {"1":"Antonia ","2":"Rafaela Damaris"}
902 ## - ELEMENTOS DE DATOS B LOCAL, LDB (RLIN)
a 1
903 ## - ELEMENTOS DE DATOS C LOCAL, LDC (RLIN)
a {"1":"Mencía"}
b {"1":"Pedro"}
904 ## - ELEMENTOS DE DATOS D LOCAL, LDD (RLIN)
a Magíster en
905 ## - ELEMENTOS DE DATOS E LOCAL, LDE (RLIN)
a Educación
906 ## - ELEMENTOS DE DATOS F LOCAL, LDF (RLIN)
a 1
907 ## - ELEMENTOS DE DATOS G LOCAL, LDG (RLIN)
a Mención en
908 ## - COLOCAR PARÁMETRO DE COMANDO (RLIN)
Colocar parámetro de comando Gestión de Centros Educativos
909 ## -
-- Universidad Abierta para Adultos (UAPA), Recinto Santiago
910 ## - DATOS DE OPCIÓN DEL USUARIO (OCLC)
Datos de opción del usuario NULL
-- NULL
911 ## - EQUIVALENCIA O REFERENCIA-CRUZADA-NOMBRE DE CONFERENCIA O REUNIÓN/CONGRESO [LOCAL, CANADÁ]
Nombre de congreso/reunión o jurisdicción como elemento de entrada ["1"]
912 ## -
-- NO APLICA
913 ## -
-- NULL
914 ## -
-- 01 de Diciembre de 2012
915 ## -
-- 12/07/15 07:07
916 ## -
-- NULL
917 ## -
-- NULL
918 ## -
-- NO APLICA
919 ## -
-- ["5","64","65","75","81"]
921 ## -
-- 11
922 ## -
-- 11
923 ## -
-- 0
924 ## -
-- NO APLICA
942 ## - ELEMENTOS DE ENTRADA SECUNDARIOS (KOHA)
Tipo de ítem Koha

No items available.

© 2024. Todos los Derechos Reservados. Desarrollado por IDEICE